Normal view
MARC view
Entry Personal Name
001 - CONTROL NUMBER
- control field: 83364
003 - CONTROL NUMBER IDENTIFIER
- control field: dpl
005 - DATE AND TIME OF LATEST TRANSACTION
- control field: 20250725124917.0
008 - FIXED-LENGTH DATA ELEMENTS
- fixed length control field: 250725|| aca||aabn | a|a d
040 ## - CATALOGING SOURCE
- Original cataloging agency: dpl
- Transcribing agency: dpl
100 ## - HEADING--PERSONAL NAME
- Personal name: वर्मा विमलेश कान्ति
670 ## - SOURCE DATA FOUND
- Source citation: Work cat.: (dpl)212627: वर्मा विमलेश कान्ति, जनकवि परसन व्यक्ति और साहित्य/
